000 00720nam a2200205Ia 4500
003 GCL
008 140319s9999 xx 000 0 ara d
020 _a638301977
040 _aGCL /
_cGCL
082 0 4 _a812
_bم غ
100 1 _aمحمد نصرالدين احمد
245 1 0 _aوغابت شمس الاندلس /
_cمحمد نصرالدين احمد
260 _aالقاهرة :
_bالهيئة المصرية العامة للكتاب ،
_c1998
300 _a129 ص ؛
_c20 سم
490 _aمسابقة تيمور للابداع المسرحى
_v0
650 0 4 _aالمسرحيات
650 0 4 _aالمسرحيات العربية - مصر
650 0 4 _aالمسرحيات - مسابقات
942 _2ddc
_cBK
999 _c6773
_d6773